| 000 | 00567nam a2200241 a 4500 | ||
|---|---|---|---|
| 001 | nice12345678 | ||
| 003 | IN_TiNIC | ||
| 005 | 20260116011407.0 | ||
| 008 | 050524s1953 alia grp 000 0 urd | ||
| 020 |
_a _c0.75 |
||
| 082 | 0 | 0 |
_a297.63 _bHAF |
| 100 | _aHafeezullah, Md | ||
| 245 | _aIslami Mazameen | ||
| 260 |
_aAligarh _bMuslim University _c1953 |
||
| 300 | _a46p | ||
| 500 | _aincludes index and biblioraphy | ||
| 505 | 2 | _aAppendix | |
| 650 | _aMuhammad, Prophet | ||
| 700 | 1 | _aHafeezullah, Md | |
| 902 | _bSRS | ||
| 942 | _cBK | ||
| 999 |
_c1122 _d1122 |
||